| 000 | 00676nam a22002057a 4500 | ||
|---|---|---|---|
| 005 | 20251108172711.0 | ||
| 008 | 250721s2003 xx 000 0 ara d | ||
| 082 | 1 | 4 | _aم/231.4/جوز |
| 100 | 1 |
_aإبن الجوزي، أبو الفرج عبد الرحمن بن علي _eمؤلف |
|
| 245 | 1 | 0 | _aالعلل المتناهية في الأحاديث الواهية / |
| 250 | _a2 | ||
| 264 | 1 |
_aبيروت : _bدار الكتب العلمية، _c2003. |
|
| 300 | _aمج | ||
| 650 | 1 | 7 | _aعلوم الحديث |
| 650 | 1 | 7 | _aالحديث المعلل |
| 653 | _aعلل الحديث | ||
| 700 | 1 |
_aالميس، خليل _eمحقق |
|
| 942 |
_2ddc _cREF |
||
| 999 |
_c86271 _d86271 |
||